| 000 | 00657nam a2200205Ia 4500 | ||
|---|---|---|---|
| 001 | 15999 | ||
| 003 | GE_BSU | ||
| 008 | 181216s||||||||xx |||||||||||||| ||und|| | ||
| 040 | _cGE_BSU | ||
| 080 | _a821.353.1.09 | ||
| 100 | _aალიმონაკი, ლერი | ||
| 245 | _aლიტერატურული წერილები | ||
| 245 | _cრედ. ალ.ბაქრაძე. მხ. გ. წერეთელი | ||
| 260 | _aთბილისი | ||
| 260 | _bმერანი | ||
| 260 | _c1974 | ||
| 300 | _a179გვ. ; 20სმ | ||
| 653 | _aლიტერატურული წერილები | ||
| 942 | _cBK | ||
| 999 |
_c49092 _d49092 |
||